| 000 | 00829cam a2200229 4500 | ||
|---|---|---|---|
| 005 | 20230228133053.0 | ||
| 008 | 160111b mx ||||| |||| 00| 0 spa d | ||
| 020 | _a9688592536 | ||
| 050 | 0 | 4 |
_aHN8 _bC47 2007 |
| 100 | 1 |
_aCerteau, Michel de, _d[1925-1986 ] |
|
| 240 | _aL'invention du quotidien : I. Arts de faire | ||
| 245 | 1 | 3 |
_aLa invención de lo cotidiano / _cMichel de Certeau ; traducción de Alejandro Pescador. |
| 250 | _a2a reimp | ||
| 260 |
_aMéxico : _bUniversidad Iberoamericana, Departamento de Historia, _bInstituto Tecnológico y de Estudios Superiores de Occidente, _c2007 |
||
| 300 |
_av. ; _c23 cm. |
||
| 490 | 0 | _aEl oficio de la historia | |
| 504 | _aIncluye índice | ||
| 505 | _tV.1 Artes de hacer | ||
| 650 | 7 |
_2LEMB _aHistoria social |
|
| 700 | 1 |
_aPescador, Alejandro, _etr. |
|
| 942 |
_2lcc _cLIB |
||
| 999 |
_c166382 _d166380 |
||